Vlachovobřezský rodák Jan Vlastislav Plánek (1789-1865)

Titel: Vlachovobřezský rodák Jan Vlastislav Plánek (1789-1865) : Příspěvek k jeho rodu
Verfasser:
In: Zlatá stezka, Band 6 (1999), Seite 201-227
alle Artikel anzeigen
Veröffentlicht: 1999
Format: Aufsatz
Sprache: Tschechisch
Kein Bild verfügbar
X
alg: 39298286
001A    $01999:11-11-16 
001B    $01999:28-04-17 $t15:26:59.000 
001C    $06050:19-11-16 $t22:36:38.000 
001D    $01999:11-11-16 
001U    $0utf8 
001X    $00 
002@    $0Aox 
003@    $0392982862 
007A    $0392982862 $aHEB 
007T    $0Herdp18058 
010@    $acze 
011@    $a1999 
021A    $aVlachovobřezský rodák Jan Vlastislav Plánek (1789-1865) $dPříspěvek k jeho rodu 
028A    $aStarý $dVáclav 
031A    $d6 $h201-227 $j1999 
037A    $aRés. něm. s. 224: Der aus Wällischbirken gebürtige Jan Vlastislav Plánek (1789-1865). Ein Beitrag zu seinem Geschlecht 
039B    $aIn $8--Abvc--. Zlatá stezka. - Prachatice, 1994- $x199900000060000799 $9070440182 
045T    $a7,41 

lok: 39298286 78

exp: 39298286 78 1 #EPN
201B/01 $026-11-17 $t01:21:34.000 
201U/01 $0utf8 
203@/01 $0789093170 
208@/01 $a11-11-16 $be 
209A/01 $a/ $f000 $x00 
220C/01 $aHerkunft: Hú Av Čr Praha 
244Z/01 $#Tschechien $#Tschechische Republik $#Tschechische Republik $#Tschechenland $#Tschechei Tschechien $#Česká Republika $#Czech Republic $#ČR $74303381-7 $8--Tg1--Tschechien $x01 $9086659812 
244Z/01 $2Trx $#Böhmen $#Bohemia $#Czechy $8--Trx--Čechy $x02 $9391188941 
244Z/01 $2Trx $#Wällischbirken Prachatitz $8--Trx--Vlachovo Březí$gPrachatice $x03 $9391317334 
244Z/01 $2Trx $#Strakonitz $8--Trx--Strakonice $x04 $9391297759 
244Z/01 $aGeschichte 1789-1865 $x05 
244Z/01 $aPlánek Vlastislav 1789-1865 $x06 
244Z/01 $2Trx $8--Trx--$PPlánek$lFamilie $x07 $9390865451 
244Z/01 $2Trx $#biograafiad mitme isiku $#biografijos kelių asmenų $#collective biographies $#életrajzok több személy $#biografie więcej osób $#biografie viac osôb $#biografie více osob $8--Trx--Biographien$gmehrere Personen $x08 $9391365304 
244Z/01 $avlastenci $x09 
244Z/01 $2Trx $#kirjanikud $#rašytojai $#writers $#írók $#pisarze $#spisovatelia $#spisovatelé $8--Trx--Schriftsteller $x10 $9391382659 
244Z/01 $apracovníci regionální $x11 
244Z/01 $2Trx $8--Trx--Zeitschriftenaufsatz $x12 $9391384341 
247C/01 $82080>Marburg/Lahn, Herder-Institut, Forschungsbibliothek, Bibliographieportal $9336309341
LEADER 00000caa a22000002c 4500
001 392982862
003 DE-603
005 20170428152659.0
007 tu
008 161111s1999 xx |||| | u00||u|cze c
035 |a (DE-599)HEB392982862 
040 |a DE-603  |b ger  |c DE-603  |d DE-603 
041 |a cze 
084 |a 7,41  |2 ssgn 
100 1 |a Starý, Václav 
245 0 0 |a Vlachovobřezský rodák Jan Vlastislav Plánek (1789-1865)  |b Příspěvek k jeho rodu 
264 0 |c 1999 
500 |a Rés. něm. s. 224: Der aus Wällischbirken gebürtige Jan Vlastislav Plánek (1789-1865). Ein Beitrag zu seinem Geschlecht 
773 0 8 |i In  |t Zlatá stezka  |d Prachatice, 1994-  |g Band 6 (1999), Seite 201-227  |w (DE-603)070440182  |w (DE-600)1344104-8 
924 0 |9 2080  |a (DE-603)789093170  |b DE-2080  |c HES  |d d  |g /